[Event "AUTO-MASTER-1488"]
[Site "http://www.queenalice.com/game.php?id=981365"]
[Date "2011.9.5"]
[Round "1"]
[White "xyzzyx"]
[Black "Arikalevi"]
[Result "0-1"]
[WhiteElo "2072"]
[BlackElo "2108"]

1. c4 Nf6 2. Nc3 g6 3. g3 Bg7 4. Bg2 d6 5. e3 O-O 6. Nge2 c5 7. O-O Nc6 8. b3
Bf5 9. d4 e5 10. dxe5 dxe5 11. Ba3 Qa5 12. Bb2 Rfd8 13. Nd5 Be4 14. Nxf6+ Bxf6
15. Qc1 Bxg2 16. Kxg2 Nb4 17. Rd1 Rxd1 18. Qxd1 Rd8 19. Qc1 Qa6 20. a3 Qc6+ 21.
Kg1 Nd3 22. Qc2 Qf3 23. Nc3 e4 24. Rb1 Nxb2 25. Qxb2 Rd3 26. Rc1 Bxc3 0-1

[Event "AUTO-MASTER-1488"]
[Site "http://www.queenalice.com/game.php?id=981367"]
[Date "2011.9.5"]
[Round "1"]
[White "krystek23"]
[Black "Arikalevi"]
[Result "1-0"]
[WhiteElo "2272"]
[BlackElo "2162"]

1. Nf3 c5 2. c4 Nc6 3. Nc3 Nf6 4. g3 d5 5. cxd5 Nxd5 6. Bg2 Nc7 7. d3 e5 8. O-O
Be7 9. Nd2 O-O 10. Nc4 Qd7 11. a4 f6 12. Bd2 Ne6 13. Nd5 Bd8 14. a5 f5 15. Bc3
Ned4 16. e3 e4 17. dxe4 fxe4 18. Bxe4 Qe6 19. f3 Nb5 20. Nf4 Qd7 21. Qb3 Nxc3
22. Ne5+ 1-0

[Event "AUTO-MASTER-1488"]
[Site "http://www.queenalice.com/game.php?id=981368"]
[Date "2011.9.5"]
[Round "1"]
[White "Arikalevi"]
[Black "Buuuu"]
[Result "1-0"]
[WhiteElo "2074"]
[BlackElo "2111"]

1. e3 c5 2. Nc3 e6 3. d4 Nf6 4. Nf3 b6 5. e4 cxd4 6. Nxd4 d6 7. Bb5+ Bd7 8. O-O
a6 9. Bxd7+ Nbxd7 10. f4 Qc7 11. f5 e5 12. Nb3 Qc6 13. Qd3 Nc5 14. Nxc5 dxc5 15.
Qg3 Rd8 16. Qxe5+ Be7 17. Bg5 Kf8 18. Rfd1 h6 19. Rxd8+ Bxd8 20. Bf4 Kg8 21. Rd1
Kh7 22. Rd6 Qc8 23. Nd5 Re8 24. Nxf6+ Bxf6 25. Qd5 Bxb2 26. Qxf7 Bd4+ 27. Kh1
Rxe4 28. Rxh6# 1-0

[Event "AUTO-MASTER-1488"]
[Site "http://www.queenalice.com/game.php?id=981369"]
[Date "2011.9.5"]
[Round "1"]
[White "Buuuu"]
[Black "Arikalevi"]
[Result "0-1"]
[WhiteElo "2111"]
[BlackElo "2094"]

1. e4 c5 2. Nf3 d6 3. d4 Nf6 4. Nc3 cxd4 5. Nxd4 Nc6 6. Bc4 Qb6 7. Nb3 e6 8. O-O
Be7 9. a4 a6 10. a5 Qc7 11. Be2 O-O 12. Be3 Ne5 13. Bb6 Qc6 14. Nd4 Qe8 15. f4
Ned7 16. Bc7 Nc5 17. Bf3 Qd7 18. Bb6 e5 19. Nf5 Re8 20. Bxc5 dxc5 21. fxe5 Qxd1
22. Rfxd1 Nd7 23. Nd5 Bd8 24. Nd6 Rxe5 25. Nc4 Re6 26. Ra3 h6 27. Nf4 Rf6 28. g3
Be7 29. Nd5 Kf8 30. Nxf6 Bxf6 31. Rad3 Ne5 32. Nxe5 Bxe5 33. c3 Be6 34. Rd8+
Rxd8 35. Rxd8+ Ke7 36. Rb8 Bxb8 0-1

[Event "AUTO-OPEN-2468"]
[Site "http://www.queenalice.com/game.php?id=981558"]
[Date "2011.9.5"]
[Round "1"]
[White "arrabi"]
[Black "Arikalevi"]
[Result "0-1"]
[WhiteElo "2131"]
[BlackElo "2124"]

1. e4 c5 2. Bc4 e6 3. Nf3 b5 4. Bxb5 a6 5. Ba4 Bb7 6. O-O Nf6 7. d3 Nc6 8. c3
Bd6 9. Bg5 h6 10. Bh4 Qb6 11. Qb3 Qxb3 12. Bxb3 Rc8 13. Nbd2 Ng4 14. h3 Nge5 15.
Nxe5 Nxe5 16. d4 cxd4 17. cxd4 Ng6 18. Bg3 Bb4 19. Nc4 Bxe4 20. a3 Be7 21. Nd6+
Bxd6 22. Bxd6 Rc6 23. Bc5 d6 24. Bb4 Nf4 25. Ba4 Ne2+ 26. Kh1 Kd7 27. Rae1 Bd3
28. Bxc6+ Kxc6 29. Rd1 Bc4 30. Rfe1 Kd5 31. Bc3 Rb8 32. Rd2 Nxc3 33. bxc3 Rb3
34. Re3 Rxa3 35. Rb2 f5 36. f4 a5 37. Kg1 Ra1+ 38. Kf2 Rf1+ 39. Kg3 g5 40. Rf3
Rc1 41. fxg5 hxg5 42. h4 gxh4+ 43. Kxh4 a4 44. Rb4 a3 45. g4 a2 46. Ra4 a1=Q 47.
Rxa1 Rxa1 48. g5 Ke4 49. Rf2 Rh1+ 50. Kg3 Rg1+ 51. Kh4 f4 52. Kh5 Kf5 53. Kh6
Rxg5 0-1

[Event "AUTO-OPEN-2468"]
[Site "http://www.queenalice.com/game.php?id=981559"]
[Date "2011.9.5"]
[Round "1"]
[White "Arikalevi"]
[Black "arrabi"]
[Result "1/2-1/2"]
[WhiteElo "2105"]
[BlackElo "2143"]

1. Nf3 c5 2. c4 Nc6 3. Nc3 d6 4. d4 Nf6 5. dxc5 dxc5 6. Qxd8+ Nxd8 7. Be3 b6 8.
Rd1 Bb7 9. g3 g6 10. Bg2 Bg7 11. O-O O-O 12. Ne5 Bxg2 13. Kxg2 Ne6 14. Nc6 Rfe8
15. h3 Nd8 16. Ne5 Nh5 17. f4 f6 18. Nxg6 hxg6 19. Nd5 Ne6 20. g4 Rac8 21. f5
gxf5 22. gxh5 f4 23. Nxf4 Nxf4+ 24. Bxf4 Rcd8 25. h6 Bf8 26. Be3 Kh7 27. Kg3
Bxh6 28. Kf2 f5 29. Rg1 f4 30. Bc1 e5 31. b3 e4 32. Bb2 Rg8 33. Rxd8 Rxd8 34.
Bc3 Rg8 35. Rxg8 Kxg8 36. Be5 a6 37. Bc7 b5 38. Be5 Kf7 39. Bd6 Ke6 40. Bxc5 Ke5
41. cxb5 axb5 42. a4 bxa4 43. bxa4 Kd5 44. Bb6 Kc6 45. Bd4 Kd5 46. Bb6 Kc6 47.
Bd4 Kd5 48. Bb6 1/2-1/2

[Event "AUTO-OPEN-2468"]
[Site "http://www.queenalice.com/game.php?id=981584"]
[Date "2011.9.5"]
[Round "1"]
[White "Arikalevi"]
[Black "smothered_mate"]
[Result "0-1"]
[WhiteElo "2121"]
[BlackElo "2292"]

1. Nf3 Nf6 2. c4 e6 3. Nc3 Nc6 4. d4 d5 5. Bg5 Be7 6. e3 O-O 7. Be2 h6 8. Bh4
dxc4 9. Bxc4 a6 10. Bd3 Nb4 11. O-O Nxd3 12. Qxd3 b5 13. Bxf6 Bxf6 14. Qe4 Rb8
15. Qc2 Bb7 16. Ne4 Bxe4 17. Qxe4 c5 18. dxc5 Bxb2 19. Rad1 Qc7 20. c6 Rb6 21.
Qc2 Bf6 22. Rc1 Rc8 23. Rfd1 Rxc6 24. Qxc6 Qxc6 25. Rxc6 Rxc6 26. g4 Rc4 27. h3
e5 28. Rd5 e4 29. Nd2 Ra4 30. Rc5 Kf8 31. Rc2 Ke7 32. Nb3 Rc4 33. Rd2 g6 34. Nd4
Bxd4 35. exd4 f5 36. d5 Kd6 37. gxf5 gxf5 38. Kg2 Rc5 39. Kg3 Rxd5 40. Rc2 Rd3+
41. Kg2 Ra3 42. h4 h5 43. Kh2 Ke5 44. Kg2 Kf4 45. Re2 Kg4 0-1

[Event "AUTO-OPEN-2468"]
[Site "http://www.queenalice.com/game.php?id=981585"]
[Date "2011.9.5"]
[Round "1"]
[White "smothered_mate"]
[Black "Arikalevi"]
[Result "1-0"]
[WhiteElo "2292"]
[BlackElo "2091"]

1. d4 f5 2. g3 d6 3. Nf3 Nf6 4. Bg2 g6 5. c4 Bg7 6. Nc3 O-O 7. O-O Na6 8. Qc2
Be6 9. b3 Nb4 10. Qd2 c6 11. Rd1 Ng4 12. a3 Na6 13. Bb2 Bh6 14. e3 Qb6 15. Qc2
Qc7 16. Qe2 Qb6 17. d5 Bd7 18. b4 Qc7 19. c5 cxd5 20. Nxd5 Qd8 21. h3 Ba4 22.
Rd2 Nf6 23. Qc4 Kg7 24. Nd4 Qd7 25. Nxf6 exf6 26. Ne6+ Kh8 27. Rxd6 Qf7 28. Rc1
Rfc8 29. Bxb7 Nc7 30. Nxc7 Rxc7 31. Bxa8 Qxc4 32. Rxc4 1-0

[Event "AUTO-OPEN-2468"]
[Site "http://www.queenalice.com/game.php?id=981586"]
[Date "2011.9.5"]
[Round "1"]
[White "Arikalevi"]
[Black "Paked"]
[Result "1/2-1/2"]
[WhiteElo "2122"]
[BlackElo "1907"]

1. d4 d5 2. Bg5 h6 3. Bh4 Nf6 4. Nf3 Bg4 5. h3 Bh5 6. g4 Bg6 7. Bg2 Be4 8. Nbd2
Bxf3 9. Bxf3 Qd6 10. c4 Nc6 11. cxd5 Nxd5 12. Qb3 Nb6 13. Bxc6+ Qxc6 14. O-O g5
15. Bg3 Bg7 16. Rac1 Qf6 17. Be5 Qg6 18. Rxc7 Bxe5 19. Qb5+ Kf8 20. Qxe5 f6 21.
Qxe7+ Kg8 22. Qe6+ Kf8 23. Qe7+ Kg8 1/2-1/2

[Event "AUTO-OPEN-2468"]
[Site "http://www.queenalice.com/game.php?id=981587"]
[Date "2011.9.5"]
[Round "1"]
[White "Paked"]
[Black "Arikalevi"]
[Result "1-0"]
[WhiteElo "1893"]
[BlackElo "2112"]

1. e4 Nc6 2. d4 e5 3. d5 Nce7 4. Nf3 Ng6 5. Bc4 Bc5 6. Be3 Bxe3 7. fxe3 Nf6 8.
d6 Nxe4 9. Bxf7+ Kxf7 10. Qd5+ Ke8 11. Qxe4 cxd6 12. O-O Qb6 13. Nc3 Qxb2 14.
Nd5 Rb8 15. Nc7+ Kd8 16. Nd5 Ke8 17. Ng5 b6 18. Nxh7 Ne7 19. Nxe7 Kxe7 20. Qh4+
Ke6 21. Ng5+ Kd5 22. Rad1+ Kc6 23. Qxh8 d5 24. Qxg7 Qc3 25. Nf7 Qxe3+ 26. Kh1
Qc3 27. Qf6+ Kb7 28. Rxd5 Qxc2 29. Nd6+ Ka8 30. Nxc8 Rxc8 31. Rxd7 e4 32. Qf7
1-0

[Event "Challenge"]
[Site "http://www.queenalice.com/game.php?id=982238"]
[Date "2011.9.7"]
[Round "-"]
[White "paulove"]
[Black "Arikalevi"]
[Result "0-1"]
[WhiteElo "1921"]
[BlackElo "2091"]

1. e4 e6 2. Nf3 d5 3. exd5 exd5 4. d4 Bg4 5. Be2 Bd6 6. Nc3 Nf6 7. Bg5 O-O 8.
Nxd5 Re8 9. Bxf6 gxf6 10. Ne3 Qd7 11. O-O Nc6 12. Bb5 f5 13. Nxg4 fxg4 14. Ne5
Qf5 15. Qxg4+ Qxg4 16. Nxg4 Re7 17. Bxc6 bxc6 18. c4 Re2 19. b3 Bb4 20. Ne5 Bc3
21. Rac1 Bxd4 22. Nxc6 Bc5 23. b4 Bd6 24. c5 Bf4 25. Rc4 Bh6 26. a4 Bg7 27. Rg4
Kh8 28. Nd4 Bxd4 29. Rxd4 Kg7 30. h4 Rb8 31. Rc1 a6 32. Rc3 Ra2 33. a5 Rb2 34.
Rcc4 Kg6 35. g4 Kf6 36. Kg2 Ke5 37. Kg3 Rb3+ 38. f3 f5 39. h5 Rg8 40. Rf4 Kd5
41. Rfd4+ Kc6 42. Kf4 fxg4 43. fxg4 Kb5 44. g5 Rf8+ 45. Ke5 Re3+ 46. Re4 Rg3 47.
Rg4 Re3+ 48. Rce4 Re8+ 49. Kd4 R8xe4+ 50. Rxe4 Rg3 51. g6 hxg6 52. hxg6 Rxg6 53.
Ke5 Rg2 54. Ke6 Rg6+ 55. Kd7 Rg7+ 56. Re7 Rxe7+ 57. Kxe7 Kxb4 58. c6 Kxa5 59.
Kd8 Kb6 0-1

[Event "Challenge"]
[Site "http://www.queenalice.com/game.php?id=989643"]
[Date "2011.9.25"]
[Round "-"]
[White "Magia1"]
[Black "Arikalevi"]
[Result "0-1"]
[WhiteElo "1928"]
[BlackElo "2144"]

1. d4 Nf6 2. e3 g6 3. Na3 d5 4. Qd2 Ne4 5. Qa5 Nc6 6. Qb5 a6 7. Qe2 e5 8. dxe5
Bb4+ 9. c3 Nxc3 10. bxc3 Bxc3+ 11. Bd2 Bxa1 12. Nf3 Nxe5 13. g3 Bg4 14. Bg2 Qf6
15. O-O Bxf3 16. Bxf3 Qxf3 17. Qe1 Qe4 18. f3 Nxf3+ 19. Kf2 Nxe1 20. Rxe1 Bb2
21. Bc1 Bc3 22. Rg1 h5 23. h4 Kd7 24. Rd1 Rhe8 25. Bd2 Qd3 26. Nb1 Bxd2 27. Rxd2
Qxe3+ 28. Kg2 Qe4+ 29. Kh3 Qh1+ 30. Rh2 Qxb1 31. a3 Qf5+ 32. Kg2 Re2+ 33. Kh1
Qb1# 0-1

[Event "AUTO-OPEN-2511"]
[Site "http://www.queenalice.com/game.php?id=996959"]
[Date "2011.10.13"]
[Round "1"]
[White "partis948"]
[Black "Arikalevi"]
[Result "0-1"]
[WhiteElo "1113"]
[BlackElo "2117"]

1. Nh3 d5 2. b3 Bxh3 3. gxh3 Nc6 4. Bg2 e5 5. c4 dxc4 6. bxc4 Qd4 7. Nc3 Bc5 8.
e3 Qxc4 9. Qb3 Qxb3 10. axb3 Nf6 11. Ba3 Bxa3 12. Rxa3 Kd7 13. Bd5 Nb4 14. Ne4
Nbxd5 15. Nxf6+ Nxf6 16. f4 exf4 17. exf4 Rhe8+ 18. Kf1 Re4 19. b4 Rxf4+ 20. Ke1
Rxb4 21. Rd3+ Ke6 22. Re3+ Kd5 23. Rd3+ Rd4 24. Rf3 Re8+ 25. Kf2 Rxd2+ 26. Kg3
Nh5+ 27. Kh4 Nf6 28. Rg1 Re4+ 29. Kg5 Ke6 30. Rf5 h6# 0-1

[Event "AUTO-OPEN-2511"]
[Site "http://www.queenalice.com/game.php?id=996960"]
[Date "2011.10.13"]
[Round "1"]
[White "Arikalevi"]
[Black "partis948"]
[Result "1-0"]
[WhiteElo "2101"]
[BlackElo "1003"]

1. c4 a6 2. Nc3 b5 3. Nf3 bxc4 4. e4 c6 5. Bxc4 d5 6. exd5 cxd5 7. Bxd5 Ra7 8.
Qb3 Rb7 9. Bxf7+ Kd7 10. Qe6+ Kc7 11. Nd5+ Qxd5 12. Qxd5 e6 13. Qc4+ Kd8 14. Ne5
Rc7 15. Qd3+ Ke7 16. Qa3+ Kd8 17. Qxf8# 1-0

[Event "AUTO-OPEN-2511"]
[Site "http://www.queenalice.com/game.php?id=996979"]
[Date "2011.10.13"]
[Round "1"]
[White "ShuraCapricornio"]
[Black "Arikalevi"]
[Result "1/2-1/2"]
[WhiteElo "2015"]
[BlackElo "2127"]

1. d4 e6 2. c4 c5 3. e3 Nf6 4. Nc3 d5 5. dxc5 Bxc5 6. Nf3 O-O 7. cxd5 exd5 8.
Bd3 Nc6 9. O-O Re8 10. Bd2 d4 11. exd4 Nxd4 12. h3 Bf5 13. Bxf5 Nxf5 14. Qc2 Nd4
15. Nxd4 Qxd4 16. Rad1 Rad8 17. Be3 Qe5 18. Bxc5 Qxc5 19. Rfe1 Rxd1 20. Rxd1 b5
21. Qd3 a6 22. Qd6 Re1+ 23. Kh2 Qxf2 24. Rxe1 Qxe1 25. Nd5 Qe6 26. Nxf6+ gxf6
27. Qb8+ Kg7 28. Qg3+ Kf8 29. Qb8+ Qe8 30. Qd6+ Kg7 31. Qg3+ Kh8 32. Qf4 Qe5 33.
Qxe5 fxe5 34. Kg3 Kg7 35. Kf3 f5 36. g3 Kf6 37. h4 h5 38. Ke3 Ke6 39. a3 e4 40.
Kd4 a5 41. b3 Kd6 42. a4 1/2-1/2

[Event "AUTO-OPEN-2511"]
[Site "http://www.queenalice.com/game.php?id=996980"]
[Date "2011.10.13"]
[Round "1"]
[White "Arikalevi"]
[Black "ShuraCapricornio"]
[Result "1/2-1/2"]
[WhiteElo "2122"]
[BlackElo "1939"]

1. Nf3 Nf6 2. g3 g6 3. b3 Bg7 4. Bb2 O-O 5. Bg2 d6 6. d4 Nbd7 7. O-O e5 8. dxe5
dxe5 9. Nxe5 Nxe5 10. Bxe5 Qxd1 11. Rxd1 c6 12. Rd6 Be6 13. Nc3 Rad8 14. Rad1
Rxd6 15. Rxd6 Ne4 16. Bxg7 Nxd6 17. Bxf8 Kxf8 18. e4 Ke7 19. f4 h5 20. Kf2 Kd7
21. Ke3 b5 22. a3 a5 23. h4 Kc7 1/2-1/2

[Event "AUTO-MASTER-1517"]
[Site "http://www.queenalice.com/game.php?id=997240"]
[Date "2011.10.14"]
[Round "1"]
[White "VladimirSpirin"]
[Black "Arikalevi"]
[Result "0-1"]
[WhiteElo "2137"]
[BlackElo "2150"]

1. b3 d5 2. Bb2 Bg4 3. h3 Bh5 4. g3 e6 5. Bg2 Nc6 6. d3 Bb4+ 7. Nd2 Qg5 8. Nf3
Bxf3 9. Bxf3 O-O-O 10. h4 Qh6 11. a3 Bd6 12. g4 f6 13. Bg2 Qg6 14. Bh3 h5 15.
gxh5 Qf7 16. Bg4 f5 17. Bf3 Nf6 18. e3 Ne5 19. Qe2 Nxf3+ 20. Qxf3 Rxh5 21. O-O-O
Rdh8 22. Kb1 Rxh4 23. Rxh4 Rxh4 24. Rh1 Rxh1+ 25. Qxh1 Ng4 26. f3 Nxe3 27. Qg1
f4 28. b4 e5 29. Kc1 Qh5 30. Kb1 g6 31. Bc1 a6 32. Nf1 Nf5 33. Nh2 c6 34. Ng4
Bc7 35. Qg2 Qh4 36. Kb2 Qg3 37. Qe2 Nd4 38. Qh2 Qxh2 39. Nxh2 b5 40. Bd2 Kd7 41.
Be1 Ke6 42. c3 Nf5 43. Bf2 Ne3 44. Kc1 Kf5 45. Kd2 e4 46. Ke2 exd3+ 47. Kxd3 Nc4
48. Bd4 Nxa3 49. Ng4 Nc4 50. Ke2 a5 51. bxa5 Bxa5 52. Kd3 g5 53. Kc2 Bb6 54. Bg7
Ne3+ 55. Nxe3+ fxe3 56. Kd3 Kf4 57. Ke2 Kf5 58. Kd3 Kf4 59. Ke2 c5 60. Bf6 d4
61. cxd4 cxd4 62. Be7 Bc7 63. Bc5 Be5 64. Be7 d3+ 65. Kxd3 Kxf3 66. Bxg5 e2 67.
Bh4 b4 68. Be1 Bc3 69. Bh4 e1=Q 70. Bxe1 Bxe1 71. Kc4 Ke4 72. Kb3 Kd3 73. Kb2
Kc4 74. Kc2 Bc3 0-1

[Event "AUTO-MASTER-1517"]
[Site "http://www.queenalice.com/game.php?id=997241"]
[Date "2011.10.14"]
[Round "1"]
[White "Arikalevi"]
[Black "VladimirSpirin"]
[Result "1/2-1/2"]
[WhiteElo "2122"]
[BlackElo "2110"]

1. c4 b6 2. d4 Bb7 3. Nc3 g6 4. Nf3 Bg7 5. e4 d6 6. Be3 Nd7 7. Be2 Ngf6 8. Qc2
Ng4 9. O-O Nxe3 10. fxe3 h6 11. a3 O-O 12. Nd2 a6 13. Nd5 e6 14. Nc3 Qg5 15. Rf3
e5 16. d5 Qe7 17. Raf1 f6 18. Rg3 Kh7 19. Bg4 Bc8 20. b4 h5 21. Be6 Nb8 22. Bxc8
Rxc8 23. Qd3 a5 24. b5 Nd7 25. Qc2 Nc5 26. Nb3 Nd7 27. a4 Bh6 28. Rgf3 Kg7 29.
Qf2 Rf8 1/2-1/2

[Event "AUTO-MASTER-1517"]
[Site "http://www.queenalice.com/game.php?id=997258"]
[Date "2011.10.14"]
[Round "1"]
[White "Arikalevi"]
[Black "Jose_Benigno"]
[Result "1-0"]
[WhiteElo "2103"]
[BlackElo "2029"]

1. e4 d5 2. Nc3 d4 3. Nce2 e5 4. Nf3 Bd6 5. d3 c5 6. c4 Nf6 7. Bg5 Nbd7 8. Ng3
Nb6 9. Nh5 O-O 10. Nxf6+ gxf6 11. Bh6 Re8 12. Be2 Kh8 13. a4 Rg8 14. a5 Nd7 15.
Nh4 Nf8 16. a6 Ng6 17. axb7 Bxb7 18. Nf5 Qd7 19. g3 a5 20. Qd2 a4 21. Qc2 Ra6
22. Nxd6 Qxd6 23. Rxa4 Rga8 24. Rxa6 Rxa6 25. O-O Bc8 26. f4 Bh3 27. Rf3 Ra1+
28. Bd1 Bg4 29. Rf1 Bxd1 30. Rxd1 Qa6 31. f5 Ne7 32. Bf8 Ng8 33. Bxc5 1-0

[Event "AUTO-MASTER-1517"]
[Site "http://www.queenalice.com/game.php?id=997259"]
[Date "2011.10.14"]
[Round "1"]
[White "Jose_Benigno"]
[Black "Arikalevi"]
[Result "0-1"]
[WhiteElo "2016"]
[BlackElo "2113"]

1. d4 d6 2. e4 Nf6 3. Nc3 e5 4. dxe5 dxe5 5. Qxd8+ Kxd8 6. Bg5 Be6 7. O-O-O+ Nd7
8. Nf3 Kc8 9. Bxf6 gxf6 10. Be2 Rg8 11. g3 Bh6+ 12. Kb1 Bf8 13. a3 Bc5 14. Rhf1
Bh3 15. b4 Bxf1 16. Bxf1 Bxf2 17. Bc4 Nb6 18. Bxf7 Rf8 19. Be6+ Kb8 20. Nh4 a5
21. b5 Ka7 22. Nf5 Rad8 23. Rf1 Bc5 24. a4 Rd2 25. Nd5 Nxd5 26. exd5 Rxh2 27.
Rd1 Rd8 28. c4 h5 29. d6 cxd6 30. Bd5 Rf2 31. Ng7 h4 32. gxh4 Rh8 33. h5 f5 0-1

[Event "AUTO-MASTER-1517"]
[Site "http://www.queenalice.com/game.php?id=997260"]
[Date "2011.10.14"]
[Round "1"]
[White "Arikalevi"]
[Black "ocarrasco"]
[Result "1-0"]
[WhiteElo "2136"]
[BlackElo "2017"]

1. d3 f5 2. Nf3 Nf6 3. e4 fxe4 4. dxe4 d6 5. Nc3 e5 6. Bc4 Bg4 7. a4 Qd7 8. h3
Be6 9. Bxe6 Qxe6 10. Nd5 Na6 11. Nc3 Qc4 12. Qd3 Qxd3 13. cxd3 Nc5 14. Ke2 O-O-O
15. Be3 Ne6 16. Rhc1 a6 17. Ng5 Nxg5 18. Bxg5 Be7 19. f3 h6 20. Bxf6 Bxf6 21.
Nd5 c6 22. g3 Bg5 23. f4 exf4 24. gxf4 Bh4 25. Ra3 Kd7 26. Nb6+ Ke6 27. Rg1 g5
28. f5+ Kf6 29. Rc3 Rhe8 30. a5 d5 31. Kf3 dxe4+ 32. dxe4 Rd4 33. Rg4 Rd2 34. b4
Rd4 35. e5+ Kxe5 36. Rc5+ Rd5 37. Re4+ 1-0

[Event "AUTO-MASTER-1517"]
[Site "http://www.queenalice.com/game.php?id=997261"]
[Date "2011.10.14"]
[Round "1"]
[White "ocarrasco"]
[Black "Arikalevi"]
[Result "1-0"]
[WhiteElo "2013"]
[BlackElo "2153"]

1. e4 c5 2. Nf3 a6 3. c4 d6 4. d4 Bg4 5. dxc5 Bxf3 6. Qxf3 dxc5 7. Nc3 Nc6 8.
Be3 Nd4 9. Qd1 e5 10. Be2 Bd6 11. O-O Nf6 12. f4 O-O 13. f5 Qe7 14. Bg5 h6 15.
Nd5 Qd8 16. Bxf6 gxf6 17. Bh5 b5 18. Qd2 Kg7 19. Rac1 Rg8 20. Rc3 Bf8 21. Rg3+
Kh8 22. Bxf7 Rxg3 23. hxg3 Ra7 24. Bg6 Rd7 25. b3 Kg8 26. Kf2 b4 27. Rh1 Bg7 28.
Rxh6 Bxh6 29. Qxh6 Nc2 30. Bh7+ Kh8 31. Bg6+ Kg8 32. Bh5 Rd6 33. g4 Qf8 34. Qd2
Nd4 35. g5 fxg5 36. Qxg5+ Qg7 37. Qh4 Rh6 38. f6 Qf8 39. Qg5+ Kh8 40. Qxe5 Nc6
41. Qg5 Nd4 42. g4 Rh7 43. Nf4 Qd6 44. Ng6+ Kg8 45. Ne7+ Kf8 46. Qg8# 1-0